[Event "Moscow Open 2016 A"]
[Site "?"]
[Date "2016.02.02"]
[Round "4.14"]
[White "Parvanyan, Ashot"]
[Black "Zakhartsov, Vladimir"]
[Result "0-1"]
[BlackElo "2462"]
[WhiteElo "2197"]
[LiveChessVersion "1.4.7"]

1. d4 {[%clk 1:30:52]} Nf6 {[%clk 1:30:40]} 2. c4 {[%clk 1:30:46]} e6
{[%clk 1:30:55]} 3. g3 {[%clk 1:30:25]} d5 {[%clk 1:28:43]} 4. Nf3
{[%clk 1:29:54]} Be7 {[%clk 1:27:39]} 5. Bg2 {[%clk 1:29:07]} O-O
{[%clk 1:28:01]} 6. Nc3 {[%clk 1:25:51]} c6 {[%clk 1:26:00]} 7. Qd3
{[%clk 1:23:46]} b6 {[%clk 1:24:01]} 8. O-O {[%clk 1:19:42]} Ba6 {[%clk 1:20:07]}
9. b3 {[%clk 1:19:01]} b5 {[%clk 1:18:19]} 10. Nd2 {[%clk 1:03:32]} bxc4
{[%clk 1:14:13]} 11. bxc4 {[%clk 1:00:14]} Nbd7 {[%clk 1:14:17]} 12. Qc2
{[%clk 0:57:50]} Rb8 {[%clk 0:56:55]} 13. Rd1 {[%clk 0:52:56]} c5
{[%clk 0:46:35]} 14. e3 {[%clk 0:36:44]} cxd4 {[%clk 0:45:50]} 15. exd4
{[%clk 0:37:06]} dxc4 {[%clk 0:45:36]} 16. Nf3 {[%clk 0:29:21]} Bb7
{[%clk 0:34:26]} 17. Bf4 {[%clk 0:23:02]} Rc8 {[%clk 0:34:45]} 18. Qa4
{[%clk 0:22:56]} Nd5 {[%clk 0:34:26]} 19. Nxd5 {[%clk 0:21:46]} Bxd5
{[%clk 0:34:49]} 20. Rac1 {[%clk 0:19:09]} Nb6 {[%clk 0:33:04]} 21. Qa5
{[%clk 0:12:16]} Qd7 {[%clk 0:30:40]} 22. Qc3 {[%clk 0:09:26]} Qa4
{[%clk 0:30:09]} 23. Bd2 {[%clk 0:08:30]} Ba3 {[%clk 0:29:51]} 24. Ra1
{[%clk 0:08:01]} Be4 {[%clk 0:29:28]} 25. Qe3 {[%clk 0:07:50]} Bc2
{[%clk 0:29:44]} 26. Rf1 {[%clk 0:07:06]} c3 {[%clk 0:29:29]} 27. Bc1
{[%clk 0:07:15]} Bb2 {[%clk 0:29:52]} 28. Bxb2 {[%clk 0:07:30]} cxb2
{[%clk 0:30:16]} 29. Rae1 {[%clk 0:07:56]} Nd5 {[%clk 0:29:16]} 30. Qg5
{[%clk 0:08:12]} h6 {[%clk 0:29:04]} 31. Qh4 {[%clk 0:08:24]} Bd3
{[%clk 0:29:11]} 32. Ne5 {[%clk 0:07:24]} Bxf1 {[%clk 0:29:33]} 0-1

[Event "Moscow Open 2016 A"]
[Site "?"]
[Date "2016.02.02"]
[Round "4.15"]
[White "Aslanov, Farid"]
[Black "Kostenko, Petr"]
[Result "0-1"]
[BlackElo "2449"]
[WhiteElo "2089"]
[LiveChessVersion "1.4.7"]

1. d4 {[%clk 1:30:58]} e6 {[%clk 1:29:19]} 2. g3 {[%clk 1:31:16]} f5
{[%clk 1:27:51]} 3. Bg2 {[%clk 1:31:34]} Nf6 {[%clk 1:28:17]} 4. c4
{[%clk 1:31:36]} Be7 {[%clk 1:28:00]} 5. Nc3 {[%clk 1:30:17]} O-O
{[%clk 1:28:21]} 6. Nf3 {[%clk 1:30:10]} d5 {[%clk 1:28:27]} 7. O-O
{[%clk 1:28:57]} c6 {[%clk 1:28:47]} 8. Bf4 {[%clk 1:25:37]} Nbd7
{[%clk 1:25:48]} 9. Ng5 {[%clk 1:24:06]} Nb6 {[%clk 1:25:30]} 10. c5
{[%clk 1:20:28]} Nh5 {[%clk 1:21:59]} 11. cxb6 {[%clk 1:08:51]} Bxg5
{[%clk 1:22:21]} 12. Bc7 {[%clk 1:08:56]} Qd7 {[%clk 1:15:36]} 13. e4
{[%clk 1:04:12]} g6 {[%clk 1:15:13]} 14. exf5 {[%clk 0:59:59]} exf5
{[%clk 1:15:01]} 15. f4 {[%clk 0:57:06]} Bd8 {[%clk 1:13:13]} 16. Bxd8
{[%clk 0:55:46]} Qxd8 {[%clk 1:13:37]} 17. bxa7 {[%clk 0:55:59]} Nf6
{[%clk 1:13:27]} 18. Qb3 {[%clk 0:54:45]} Kg7 {[%clk 1:13:47]} 19. Na4
{[%clk 0:42:02]} Qa5 {[%clk 1:11:36]} 20. Nc5 {[%clk 0:25:51]} Rxa7
{[%clk 1:06:40]} 21. a4 {[%clk 0:21:33]} b6 {[%clk 0:56:07]} 22. Nd3
{[%clk 0:20:39]} Ba6 {[%clk 0:54:53]} 23. Rfd1 {[%clk 0:18:15]} Bxd3
{[%clk 0:54:15]} 24. Qxd3 {[%clk 0:17:31]} Qb4 {[%clk 0:48:23]} 25. b3
{[%clk 0:17:37]} Re8 {[%clk 0:47:09]} 26. Rac1 {[%clk 0:17:16]} Rae7
{[%clk 0:46:41]} 27. Qc3 {[%clk 0:10:34]} Qxc3 {[%clk 0:37:51]} 28. Rxc3
{[%clk 0:11:04]} Re1+ {[%clk 0:38:11]} 29. Rxe1 {[%clk 0:11:30]} Rxe1+
{[%clk 0:38:37]} 30. Kf2 {[%clk 0:11:18]} Rb1 {[%clk 0:38:25]} 31. h3
{[%clk 0:08:29]} Kf7 {[%clk 0:36:11]} 32. g4 {[%clk 0:05:02]} fxg4
{[%clk 0:35:01]} 33. hxg4 {[%clk 0:05:31]} Nxg4+ {[%clk 0:35:24]} 34. Kg3
{[%clk 0:05:57]} Nf6 {[%clk 0:34:14]} 35. Kh4 {[%clk 0:06:14]} Rb2
{[%clk 0:31:13]} 36. Bh3 {[%clk 0:06:20]} h6 {[%clk 0:27:41]} 37. Rxc6
{[%clk 0:05:08]} Rxb3 {[%clk 0:28:04]} 38. Rc7+ {[%clk 0:05:22]} Ke8
{[%clk 0:27:17]} 39. Rg7 {[%clk 0:03:48]} Nh5 {[%clk 0:25:42]} 40. Rb7
{[%clk 0:30:40]} Nxf4 {[%clk 0:55:28]} 41. Bd7+ {[%clk 0:30:25]} Kd8
{[%clk 0:53:55]} 42. Bb5 {[%clk 0:27:37]} Ne6 {[%clk 0:38:52]} 43. Rxb6
{[%clk 0:26:45]} Ke7 {[%clk 0:38:19]} 44. a5 {[%clk 0:15:49]} Nxd4
{[%clk 0:37:16]} 45. Ba4 {[%clk 0:14:35]} Ra3 {[%clk 0:36:52]} 46. Bd1
{[%clk 0:13:32]} Nf5+ {[%clk 0:37:01]} 47. Kg4 {[%clk 0:14:01]} Ne3+
{[%clk 0:37:13]} 48. Kf4 {[%clk 0:14:28]} g5+ 49. Ke5 {[%clk 0:14:51]} Nc4+
{[%clk 0:36:59]} 0-1

[Event "Moscow Open 2016 A"]
[Site "?"]
[Date "2016.02.02"]
[Round "4.16"]
[White "Bublei, Pavel"]
[Black "Turov, Maxim"]
[Result "1/2-1/2"]
[BlackElo "2610"]
[WhiteElo "2391"]
[LiveChessVersion "1.4.7"]

1. d4 {[%clk 1:30:56]} Nf6 {[%clk 1:30:57]} 2. c4 {[%clk 1:31:19]} g6
{[%clk 1:31:24]} 3. Nc3 {[%clk 1:31:44]} d5 {[%clk 1:31:19]} 4. Bf4
{[%clk 1:31:43]} Bg7 {[%clk 1:31:33]} 5. e3 {[%clk 1:31:53]} O-O {[%clk 1:31:05]}
6. Rc1 {[%clk 1:32:15]} Be6 {[%clk 1:30:49]} 7. cxd5 {[%clk 1:32:16]} Nxd5
{[%clk 1:31:10]} 8. Nxd5 {[%clk 1:32:36]} Bxd5 {[%clk 1:31:27]} 9. Ne2
{[%clk 1:32:54]} c6 {[%clk 0:54:05]} 10. Nc3 {[%clk 1:31:37]} Qa5
{[%clk 0:52:35]} 11. Qd2 {[%clk 1:04:20]} Rd8 {[%clk 0:46:53]} 12. b4
{[%clk 1:04:25]} Qxb4 {[%clk 0:45:13]} 13. Bc7 {[%clk 1:04:41]} Rd7
{[%clk 0:41:14]} 14. Rb1 {[%clk 1:04:00]} Qa3 {[%clk 0:28:21]} 15. Nxd5
{[%clk 1:00:59]} Rxd5 {[%clk 0:27:29]} 16. Rb3 {[%clk 0:52:44]} Qa4
{[%clk 0:27:43]} 17. Rb4 {[%clk 0:53:04]} Qa3 {[%clk 0:28:02]} 18. Rb3
{[%clk 0:53:16]} Qa4 {[%clk 0:28:26]} 19. Rb4 {[%clk 0:53:41]} Qa3
{[%clk 0:28:50]} 20. Rb3 {[%clk 0:54:05]} 1/2-1/2

[Event "Moscow Open 2016 A"]
[Site "?"]
[Date "2016.02.02"]
[Round "4.17"]
[White "Vakhlamov, Igor L."]
[Black "Ponkratov, Pavel"]
[Result "0-1"]
[BlackElo "2591"]
[WhiteElo "2390"]
[LiveChessVersion "1.4.7"]

1. e4 {[%clk 1:30:58]} d5 {[%clk 1:30:08]} 2. exd5 {[%clk 1:31:21]} Qxd5
{[%clk 1:30:35]} 3. Nc3 {[%clk 1:31:38]} Qd6 {[%clk 1:31:02]} 4. d4
{[%clk 1:31:59]} Nf6 {[%clk 1:31:27]} 5. Bd3 {[%clk 1:31:41]} Nc6
{[%clk 1:30:53]} 6. Nge2 {[%clk 1:26:57]} Bg4 {[%clk 1:27:56]} 7. f3
{[%clk 1:27:16]} Bh5 {[%clk 1:28:20]} 8. Bf4 {[%clk 1:26:22]} Qd7
{[%clk 1:28:43]} 9. Qd2 {[%clk 1:24:31]} Nb4 {[%clk 1:27:27]} 10. Bc4
{[%clk 1:23:08]} Bg6 {[%clk 1:27:42]} 11. Bb3 {[%clk 1:23:16]} e6
{[%clk 1:17:24]} 12. g4 {[%clk 1:18:25]} O-O-O {[%clk 1:15:50]} 13. O-O-O
{[%clk 1:16:43]} Qc6 {[%clk 1:13:58]} 14. a3 {[%clk 1:09:54]} Nbd5
{[%clk 1:10:55]} 15. Bg5 {[%clk 1:02:26]} Nxc3 {[%clk 0:59:05]} 16. Qxc3
{[%clk 1:02:39]} Qb5 {[%clk 0:58:47]} 17. Qe3 {[%clk 1:00:49]} Nd5
{[%clk 0:54:08]} 18. Qd2 {[%clk 0:58:01]} Rd6 {[%clk 0:54:10]} 19. Ba2
{[%clk 0:25:50]} Rc6 {[%clk 0:38:01]} 20. c3 {[%clk 0:25:39]} Qa5
{[%clk 0:32:46]} 21. Bh4 {[%clk 0:22:04]} Bxa3 {[%clk 0:30:38]} 22. Bxd5
{[%clk 0:18:18]} Qxd5 {[%clk 0:30:02]} 23. bxa3 {[%clk 0:18:06]} Rb6
{[%clk 0:30:28]} 0-1

[Event "Moscow Open 2016 A"]
[Site "?"]
[Date "2016.02.02"]
[Round "4.18"]
[White "Agmanov, Zhandos"]
[Black "Antal, Gergely"]
[Result "0-1"]
[BlackElo "2566"]
[WhiteElo "2389"]
[LiveChessVersion "1.4.7"]

1. e4 {[%clk 1:30:46]} c6 {[%clk 1:30:55]} 2. d4 {[%clk 1:30:46]} d5
{[%clk 1:31:21]} 3. exd5 {[%clk 1:31:10]} cxd5 {[%clk 1:31:46]} 4. c4
{[%clk 1:30:59]} Nf6 {[%clk 1:31:57]} 5. Nc3 {[%clk 1:31:17]} Nc6
{[%clk 1:32:14]} 6. Nf3 {[%clk 1:31:36]} Be6 {[%clk 1:31:37]} 7. c5
{[%clk 1:30:23]} g6 {[%clk 1:31:20]} 8. h3 {[%clk 1:28:25]} Bg7 {[%clk 1:31:21]}
9. Be2 {[%clk 1:27:45]} O-O {[%clk 1:31:28]} 10. O-O {[%clk 1:26:41]} Ne4
{[%clk 1:30:04]} 11. Bd3 {[%clk 1:15:54]} Bf5 {[%clk 0:53:36]} 12. Qe2
{[%clk 1:12:01]} Nxc3 {[%clk 0:34:04]} 13. bxc3 {[%clk 1:12:17]} Bxd3
{[%clk 0:34:28]} 14. Qxd3 {[%clk 1:12:42]} Re8 {[%clk 0:33:08]} 15. Rd1
{[%clk 1:05:23]} b6 {[%clk 0:32:00]} 16. Qb5 {[%clk 1:03:41]} Na5
{[%clk 0:31:00]} 17. cxb6 {[%clk 1:02:42]} axb6 {[%clk 0:31:23]} 18. Rb1
{[%clk 1:01:43]} Nc4 {[%clk 0:30:52]} 19. Nd2 {[%clk 1:02:05]} Nxd2
{[%clk 0:27:04]} 20. Bxd2 {[%clk 1:01:01]} Rxa2 {[%clk 0:26:53]} 21. Qxb6
{[%clk 1:01:09]} Qxb6 {[%clk 0:26:43]} 22. Rxb6 {[%clk 1:01:33]} e6
{[%clk 0:26:25]} 23. Bf4 {[%clk 0:57:11]} Rc8 {[%clk 0:25:04]} 24. Rb8
{[%clk 0:56:40]} Rxb8 {[%clk 0:25:27]} 25. Bxb8 {[%clk 0:57:06]} Rc2
{[%clk 0:24:25]} 26. Rd3 {[%clk 0:56:41]} Rc1+ {[%clk 0:24:23]} 27. Kh2
{[%clk 0:57:05]} Bh6 {[%clk 0:24:09]} 28. Bd6 {[%clk 0:54:56]} Rc2
{[%clk 0:23:53]} 29. f4 {[%clk 0:52:09]} Bf8 {[%clk 0:20:16]} 30. Bxf8
{[%clk 0:21:33]} Kxf8 {[%clk 0:20:43]} 31. Kg3 {[%clk 0:20:29]} Ke7
{[%clk 0:20:54]} 32. Kf3 {[%clk 0:19:21]} Kd6 {[%clk 0:21:16]} 33. g4
{[%clk 0:15:38]} Kc6 {[%clk 0:20:40]} 34. f5 {[%clk 0:06:37]} exf5
{[%clk 0:19:58]} 35. gxf5 {[%clk 0:07:05]} Kb5 {[%clk 0:20:15]} 36. Re3
{[%clk 0:03:39]} Kc4 {[%clk 0:19:41]} 37. Re7 {[%clk 0:03:57]} Rxc3+
{[%clk 0:18:07]} 38. Kg2 {[%clk 0:04:18]} gxf5 {[%clk 0:17:31]} 39. Rxf7
{[%clk 0:04:34]} Kxd4 {[%clk 0:17:55]} 40. Rxf5 {[%clk 0:34:51]} Rc7
{[%clk 0:48:10]} 41. Kf3 {[%clk 0:34:30]} Re7 {[%clk 0:47:32]} 42. h4
{[%clk 0:34:17]} Kc4 {[%clk 0:47:44]} 43. Rf8 {[%clk 0:33:52]} d4
{[%clk 0:48:00]} 44. Rc8+ {[%clk 0:34:16]} Kb3 {[%clk 0:47:56]} 45. Rb8+
{[%clk 0:33:12]} Kc2 {[%clk 0:48:16]} 46. Rc8+ {[%clk 0:33:39]} Kd2
{[%clk 0:48:40]} 47. Rc6 {[%clk 0:33:31]} d3 {[%clk 0:48:46]} 48. h5
{[%clk 0:33:35]} Kd1 {[%clk 0:48:27]} 49. h6 {[%clk 0:32:38]} d2 {[%clk 0:48:49]}
50. Kf2 {[%clk 0:32:58]} Rf7+ {[%clk 0:48:04]} 51. Kg3 {[%clk 0:32:50]} Rf5
{[%clk 0:45:29]} 52. Rc7 {[%clk 0:20:23]} Ke2 {[%clk 0:44:01]} 53. Re7+
{[%clk 0:20:41]} Kd3 {[%clk 0:44:13]} 54. Rxh7 {[%clk 0:20:37]} Rd5
{[%clk 0:44:29]} 0-1

[Event "Moscow Open 2016 A"]
[Site "?"]
[Date "2016.02.03"]
[Round "5.1"]
[White "Korchmar, Vasiliy"]
[Black "Eliseev, Urii"]
[Result "0-1"]
[BlackElo "2582"]
[WhiteElo "2405"]
[LiveChessVersion "1.4.7"]

1. d4 {[%clk 1:30:54]} e6 {[%clk 1:30:35]} 2. c4 {[%clk 1:31:14]} b6
{[%clk 1:30:59]} 3. Nf3 {[%clk 1:25:03]} Bb7 {[%clk 1:31:08]} 4. e3
{[%clk 1:24:46]} Nf6 {[%clk 1:24:30]} 5. Bd3 {[%clk 1:24:53]} Bb4+
{[%clk 1:14:01]} 6. Nc3 {[%clk 1:22:11]} c5 {[%clk 1:05:47]} 7. O-O
{[%clk 1:19:55]} O-O {[%clk 1:05:55]} 8. Na4 {[%clk 1:09:59]} cxd4
{[%clk 1:05:15]} 9. exd4 {[%clk 1:09:08]} Be7 {[%clk 1:05:39]} 10. Bf4
{[%clk 1:06:13]} d6 {[%clk 1:02:43]} 11. h3 {[%clk 0:53:45]} Nbd7
{[%clk 1:01:46]} 12. Rc1 {[%clk 0:41:46]} Rc8 {[%clk 0:58:47]} 13. Bh2
{[%clk 0:40:10]} d5 {[%clk 0:45:44]} 14. b3 {[%clk 0:40:20]} Ba3 {[%clk 0:38:27]}
15. Rc2 {[%clk 0:40:22]} Ne4 {[%clk 0:38:48]} 16. Qe2 {[%clk 0:35:09]} Ndf6
{[%clk 0:38:08]} 17. Rd1 {[%clk 0:34:54]} Qe7 {[%clk 0:26:38]} 18. Ne5
{[%clk 0:26:21]} dxc4 {[%clk 0:25:35]} 19. bxc4 {[%clk 0:26:37]} Rfd8
{[%clk 0:16:49]} 20. f3 {[%clk 0:25:43]} Nd6 {[%clk 0:17:14]} 21. c5
{[%clk 0:21:02]} bxc5 {[%clk 0:09:17]} 22. dxc5 {[%clk 0:21:24]} Nf5
{[%clk 0:09:43]} 23. Bxf5 {[%clk 0:18:54]} exf5 {[%clk 0:10:09]} 24. Rxd8+
{[%clk 0:15:28]} Qxd8 {[%clk 0:10:31]} 25. Qd2 {[%clk 0:13:52]} Qxd2
{[%clk 0:03:42]} 26. Rxd2 {[%clk 0:14:21]} h6 {[%clk 0:03:18]} 27. Kh1
{[%clk 0:07:23]} Bxc5 {[%clk 0:01:12]} 28. Nxc5 {[%clk 0:07:49]} Rxc5
{[%clk 0:01:38]} 29. Rd8+ {[%clk 0:08:16]} Kh7 {[%clk 0:02:04]} 30. Nxf7
{[%clk 0:08:40]} Rc1+ {[%clk 0:01:24]} 31. Bg1 {[%clk 0:09:06]} f4
{[%clk 0:00:52]} 32. Nd6 {[%clk 0:05:32]} Ba6 {[%clk 0:00:57]} 33. Nf5
{[%clk 0:03:40]} Nh5 {[%clk 0:01:14]} 34. Kh2 {[%clk 0:02:29]} Rc2
{[%clk 0:00:51]} 35. Bxa7 {[%clk 0:00:40]} Bf1 {[%clk 0:00:53]} 36. Kg1
{[%clk 0:00:35]} Bxg2 {[%clk 0:01:07]} 37. a4 {[%clk 0:00:32]} Bxf3
{[%clk 0:00:47]} 38. a5 {[%clk 0:00:38]} Ra2 {[%clk 0:00:36]} 39. Bb6
{[%clk 0:01:00]} Be4 {[%clk 0:00:38]} 40. Nd6 {[%clk 0:30:57]} Bd5
{[%clk 0:30:32]} 41. Nb5 {[%clk 0:29:39]} Ra1+ {[%clk 0:18:01]} 42. Kf2
{[%clk 0:30:03]} Bc4 {[%clk 0:18:25]} 43. Nc3 {[%clk 0:29:21]} Rf1+
{[%clk 0:17:14]} 44. Kg2 {[%clk 0:29:49]} f3+ {[%clk 0:17:37]} 45. Kh2
{[%clk 0:30:15]} f2 {[%clk 0:17:53]} 46. Kg2 {[%clk 0:25:08]} Rc1
{[%clk 0:17:52]} 47. Kxf2 {[%clk 0:25:30]} Rxc3 {[%clk 0:17:54]} 48. Rc8
{[%clk 0:25:55]} Nf6 {[%clk 0:17:21]} 49. Bd4 {[%clk 0:25:46]} Ne4+
{[%clk 0:17:42]} 50. Kg1 {[%clk 0:26:01]} Rc1+ {[%clk 0:18:03]} 51. Kh2
{[%clk 0:26:23]} Rc2+ {[%clk 0:18:28]} 52. Kg1 {[%clk 0:26:45]} Ng5
{[%clk 0:18:49]} 0-1

[Event "Moscow Open 2016 A"]
[Site "?"]
[Date "2016.02.03"]
[Round "5.2"]
[White "Korobov, Anton"]
[Black "Ivanov, Oleg V"]
[Result "1-0"]
[BlackElo "2519"]
[WhiteElo "2710"]
[LiveChessVersion "1.4.7"]

1. d4 {[%clk 1:30:57]} d5 {[%clk 1:30:44]} 2. c4 {[%clk 1:31:22]} c6
{[%clk 1:31:01]} 3. Nf3 {[%clk 1:31:46]} Nf6 {[%clk 1:31:17]} 4. Nc3
{[%clk 1:32:08]} dxc4 {[%clk 1:30:37]} 5. a4 {[%clk 1:32:27]} Bf5
{[%clk 1:30:10]} 6. e3 {[%clk 1:32:47]} e6 {[%clk 1:30:07]} 7. Bxc4
{[%clk 1:33:10]} Bb4 {[%clk 1:30:14]} 8. Ne5 {[%clk 1:32:00]} Nbd7
{[%clk 1:17:56]} 9. Nxd7 {[%clk 1:31:45]} Nxd7 {[%clk 1:14:19]} 10. O-O
{[%clk 1:31:03]} O-O {[%clk 1:12:35]} 11. e4 {[%clk 1:27:40]} Bg6
{[%clk 1:07:54]} 12. f3 {[%clk 1:27:46]} e5 {[%clk 0:52:30]} 13. d5
{[%clk 1:21:02]} Nb6 {[%clk 0:50:44]} 14. Bb3 {[%clk 1:17:33]} cxd5
{[%clk 0:47:42]} 15. Nxd5 {[%clk 1:17:06]} Nxd5 {[%clk 0:47:29]} 16. Bxd5
{[%clk 1:17:27]} Rc8 {[%clk 0:31:53]} 17. Be3 {[%clk 1:12:24]} b6
{[%clk 0:31:40]} 18. Qe2 {[%clk 1:03:43]} Kh8 {[%clk 0:24:20]} 19. Rac1
{[%clk 0:58:48]} Qd7 {[%clk 0:21:15]} 20. Qb5 {[%clk 0:56:25]} Qe7
{[%clk 0:08:29]} 21. Qa6 {[%clk 0:37:03]} Rxc1 {[%clk 0:08:53]} 22. Rxc1
{[%clk 0:37:29]} h6 {[%clk 0:09:14]} 23. Qb7 {[%clk 0:31:49]} Qxb7
{[%clk 0:08:06]} 24. Bxb7 {[%clk 0:32:14]} Rd8 {[%clk 0:08:17]} 25. Bd5
{[%clk 0:27:17]} Bd6 {[%clk 0:08:42]} 26. a5 {[%clk 0:23:30]} bxa5
{[%clk 0:09:04]} 27. Bxa7 {[%clk 0:23:52]} f6 {[%clk 0:07:09]} 28. b3
{[%clk 0:21:29]} Bb4 {[%clk 0:06:19]} 29. Kf2 {[%clk 0:20:42]} Bh7
{[%clk 0:05:28]} 30. Bb6 {[%clk 0:16:27]} Rb8 {[%clk 0:05:48]} 31. Bc7
{[%clk 0:16:51]} Rc8 {[%clk 0:05:58]} 32. Rc4 {[%clk 0:16:41]} Bg8
{[%clk 0:04:06]} 33. Ke3 {[%clk 0:16:24]} Rf8 {[%clk 0:01:34]} 34. Kd3
{[%clk 0:16:06]} Bf7 {[%clk 0:01:57]} 35. Rc6 {[%clk 0:07:56]} Be8
{[%clk 0:02:20]} 36. Rb6 {[%clk 0:08:20]} Bd7 {[%clk 0:01:44]} 37. Bd6
{[%clk 0:05:53]} Bxd6 {[%clk 0:01:41]} 38. Rxd6 {[%clk 0:06:21]} Bb5+
{[%clk 0:01:55]} 39. Bc4 {[%clk 0:06:33]} Bxc4+ {[%clk 0:00:43]} 40. bxc4
{[%clk 0:36:11]} Ra8 {[%clk 0:30:34]} 41. c5 {[%clk 0:26:58]} Ra7 42. c6
{[%clk 0:26:04]} Kh7 {[%clk 0:28:26]} 43. Kc4 {[%clk 0:24:50]} a4
{[%clk 0:28:48]} 44. Rd7 {[%clk 0:24:26]} 1-0

[Event "Moscow Open 2016 A"]
[Site "?"]
[Date "2016.02.03"]
[Round "5.3"]
[White "Kostenko, Petr"]
[Black "Inarkiev, Ernesto"]
[Result "0-1"]
[BlackElo "2676"]
[WhiteElo "2449"]
[LiveChessVersion "1.4.7"]

1. e4 {[%clk 1:30:26]} e5 {[%clk 1:29:04]} 2. Nf3 {[%clk 1:30:12]} Nc6
{[%clk 1:29:30]} 3. Bc4 {[%clk 1:30:17]} Nf6 {[%clk 1:29:50]} 4. d3
{[%clk 1:26:39]} Bc5 {[%clk 1:30:09]} 5. c3 {[%clk 1:27:03]} a6 {[%clk 1:25:34]}
6. Nbd2 {[%clk 1:26:45]} O-O {[%clk 1:25:44]} 7. h3 {[%clk 1:23:18]} Re8
{[%clk 1:19:36]} 8. a4 {[%clk 1:16:32]} d6 {[%clk 1:10:05]} 9. O-O
{[%clk 1:07:55]} h6 {[%clk 1:10:23]} 10. b4 {[%clk 0:55:53]} Ba7 {[%clk 1:10:23]}
11. Nb3 {[%clk 0:52:53]} Ne7 {[%clk 1:03:43]} 12. Be3 {[%clk 0:43:35]} c6
{[%clk 0:49:52]} 13. Nbd2 {[%clk 0:40:20]} a5 {[%clk 0:41:05]} 14. Bxa7
{[%clk 0:38:51]} Rxa7 {[%clk 0:41:32]} 15. Bb3 {[%clk 0:39:05]} Ng6
{[%clk 0:41:23]} 16. Re1 {[%clk 0:34:18]} d5 {[%clk 0:38:40]} 17. Qc2
{[%clk 0:28:46]} b6 {[%clk 0:31:09]} 18. d4 {[%clk 0:26:11]} Nxe4
{[%clk 0:27:07]} 19. Nxe4 {[%clk 0:25:33]} Bf5 {[%clk 0:25:47]} 20. Rad1
{[%clk 0:23:23]} Rd7 {[%clk 0:19:42]} 21. Qc1 {[%clk 0:19:17]} dxe4
{[%clk 0:18:11]} 22. Nxe5 {[%clk 0:19:34]} Nxe5 {[%clk 0:18:34]} 23. dxe5
{[%clk 0:20:00]} Rxe5 {[%clk 0:18:01]} 24. Qf4 {[%clk 0:19:42]} Rxd1
{[%clk 0:13:39]} 25. Rxd1 {[%clk 0:19:58]} Qe7 {[%clk 0:13:36]} 26. Qe3
{[%clk 0:16:28]} c5 {[%clk 0:10:32]} 27. b5 {[%clk 0:13:57]} Be6 {[%clk 0:10:01]}
28. Bxe6 {[%clk 0:13:54]} Qxe6 {[%clk 0:09:19]} 29. Rd8+ {[%clk 0:13:21]} Kh7
{[%clk 0:09:47]} 30. Qd2 {[%clk 0:13:39]} e3 {[%clk 0:06:53]} 31. fxe3
{[%clk 0:09:09]} Rxe3 {[%clk 0:07:02]} 32. Kf2 {[%clk 0:08:03]} Re4
{[%clk 0:06:21]} 33. Rd6 {[%clk 0:04:36]} Qf5+ {[%clk 0:06:14]} 34. Kg3
{[%clk 0:03:00]} Qe5+ {[%clk 0:02:52]} 35. Kf2 {[%clk 0:03:19]} Qf5+
{[%clk 0:03:01]} 36. Kg3 {[%clk 0:03:28]} Rxa4 {[%clk 0:03:24]} 37. Rxb6
{[%clk 0:03:54]} h5 {[%clk 0:03:43]} 38. Qe3 {[%clk 0:04:11]} Re4
{[%clk 0:03:02]} 39. Qd2 {[%clk 0:01:10]} h4+ {[%clk 0:03:15]} 40. Kh2
{[%clk 0:31:36]} Qe5+ {[%clk 0:33:42]} 0-1

[Event "Moscow Open 2016 A"]
[Site "?"]
[Date "2016.02.03"]
[Round "5.4"]
[White "Artemiev, Vladislav"]
[Black "Moskalenko, Alexander"]
[Result "1-0"]
[BlackElo "2442"]
[WhiteElo "2673"]
[LiveChessVersion "1.4.7"]

1. c4 {[%clk 1:30:50]} e6 {[%clk 1:30:45]} 2. g3 {[%clk 1:29:56]} d5
{[%clk 1:31:09]} 3. Bg2 {[%clk 1:30:16]} Nf6 {[%clk 1:30:26]} 4. Nf3
{[%clk 1:30:30]} dxc4 {[%clk 1:30:51]} 5. Qa4+ {[%clk 1:29:43]} Nbd7
{[%clk 1:30:55]} 6. Qxc4 {[%clk 1:29:13]} a6 {[%clk 1:31:01]} 7. Qb3
{[%clk 1:23:29]} Bd6 {[%clk 1:23:06]} 8. O-O {[%clk 1:15:35]} O-O
{[%clk 1:19:06]} 9. d4 {[%clk 1:08:01]} c5 {[%clk 1:14:37]} 10. Rd1
{[%clk 0:57:12]} Qc7 {[%clk 0:55:54]} 11. Nc3 {[%clk 0:52:07]} b5
{[%clk 0:48:32]} 12. Ng5 {[%clk 0:47:48]} Bb7 {[%clk 0:43:12]} 13. d5
{[%clk 0:44:52]} c4 {[%clk 0:33:54]} 14. Qc2 {[%clk 0:45:12]} exd5
{[%clk 0:32:34]} 15. Nxd5 {[%clk 0:41:01]} Bxd5 {[%clk 0:31:33]} 16. Bxd5
{[%clk 0:40:56]} Rae8 {[%clk 0:23:44]} 17. Bg2 {[%clk 0:39:38]} Nc5
{[%clk 0:19:00]} 18. b3 {[%clk 0:29:13]} h6 {[%clk 0:17:47]} 19. Nh3
{[%clk 0:29:15]} Nce4 {[%clk 0:15:23]} 20. bxc4 {[%clk 0:28:26]} Qxc4
{[%clk 0:14:37]} 21. Qxc4 {[%clk 0:28:20]} bxc4 {[%clk 0:15:05]} 22. Be3
{[%clk 0:27:39]} Ba3 {[%clk 0:14:36]} 23. Bc1 {[%clk 0:17:28]} Bd6
{[%clk 0:14:53]} 24. Bb2 {[%clk 0:15:59]} c3 {[%clk 0:09:49]} 25. Bxc3
{[%clk 0:16:10]} Nxc3 {[%clk 0:10:17]} 26. Rxd6 {[%clk 0:16:31]} Nxe2+
{[%clk 0:10:41]} 27. Kf1 {[%clk 0:16:15]} Re7 {[%clk 0:06:28]} 28. Bf3
{[%clk 0:14:38]} Ne4 {[%clk 0:05:35]} 29. Bxe4 {[%clk 0:11:49]} Rxe4
{[%clk 0:05:11]} 30. Rxa6 {[%clk 0:12:02]} f5 {[%clk 0:03:27]} 31. Re1
{[%clk 0:04:25]} Rfe8 {[%clk 0:03:53]} 32. Rd1 {[%clk 0:04:49]} f4
{[%clk 0:02:59]} 33. Kg2 {[%clk 0:04:42]} g5 {[%clk 0:01:42]} 34. Rg6+
{[%clk 0:01:06]} Kf7 {[%clk 0:01:13]} 35. Rxh6 {[%clk 0:00:47]} f3+
{[%clk 0:01:27]} 36. Kf1 {[%clk 0:00:55]} Kg7 {[%clk 0:00:44]} 37. Rc6
{[%clk 0:00:47]} g4 {[%clk 0:00:35]} 38. Ng5 {[%clk 0:01:15]} R4e5
{[%clk 0:00:42]} 39. Rd7+ {[%clk 0:01:17]} R8e7 {[%clk 0:01:08]} 40. Rxe7+
{[%clk 0:31:29]} Rxe7 {[%clk 0:31:37]} 41. Rc4 {[%clk 0:26:14]} Kg6
{[%clk 0:25:42]} 42. Rxg4 {[%clk 0:25:36]} 1-0